[Event "FRA-chT Top 12 2019"]
[Site "Brest"]
[Date "2019.05.27"]
[Round "10.2"]
[White "Wirig, Anthony"]
[Black "Solodovnichenko, Yuri"]
[Result "1/2-1/2"]
[WhiteElo "2516"]
[BlackElo "2572"]
[Annotator "ChessBase"]
[PlyCount "45"]
[EventDate "2019.05.18"]
[EventType "team-tourn"]
[EventCountry "FRA"]
[SourceTitle "playchess.com"]
[Source "ChessBase"]
[SourceQuality "1"]
[TimeControl "40/5400+30:1800+30"]

1. Nf3 {[%emt 0:00:00]} Nf6 {[%emt 0:00:38]} 2. c4 {[%emt 0:00:20]} c5 {[%emt 0:00:15]} 3. Nc3 {[%emt 0:01:53]} e6 {[%emt 0:00:22]} 4. g3 {[%emt 0:03:55]} b6 {[%emt 0:00:23]} 5. Bg2 {[%emt 0:00:16]} Bb7 {[%emt 0:00:05]} 6. O-O {[%emt 0:00:25]} Be7 {[%emt 0:00:05]} 7. d4 {[%emt 0:13:37]} cxd4 {[%emt 0:00:15]} 8. Qxd4 {[%emt 0:00:02]} O-O {[%emt 0:00:08]} 9. Bf4 {[%emt 0:09:06]} Nc6 {[%emt 0:15:10]} 10. Qd1 {[%emt 0:06:43]} Na5 {[%emt 0:02:16]} 11. b3 {[%emt 0:01:26]} d5 {[%emt 0:02:58]} 12. cxd5 {[%emt 0:01:57]} Nxd5 {[%emt 0:04:06]} 13. Nxd5 {[%emt 0:02:43]} Qxd5 {[%emt 0:01:53]} 14. Rc1 {[%emt 0:10:56]} Rac8 {[%emt 0:04:10]} 15. Qxd5 {[%emt 0:11:22]} Bxd5 {[%emt 0:01:01]} 16. Rxc8 {[%emt 0:00:09]} Rxc8 {[%emt 0:00:05]} 17. Rc1 {[%emt 0:00:08]} Rxc1+ {[%emt 0:00:40]} 18. Bxc1 {[%emt 0:00:09]} Nc6 {[%emt 0:01:03]} 19. Ne1 {[%emt 0:05:45]} Nb4 {[%emt 0:05:04]} 20. Ba3 {[%emt 0:01:29]} Kf8 {[%emt 0:01:45]} 21. Bxb4 {[%emt 0:01:19]} Bxb4 {[%emt 0:00:05]} 22. Bxd5 {[%emt 0:01:16]} Bxe1 {[%emt 0:00:12]} 23. Bc4 {[%emt 0:00:09]} 1/2-1/2

[Event "FRA-chT Top 12 2019"]
[Site "Brest"]
[Date "2019.05.27"]
[Round "10.3"]
[White "Naiditsch, Arkadij"]
[Black "Cornette, Matthieu"]
[Result "1-0"]
[WhiteElo "2682"]
[BlackElo "2553"]
[Annotator "TA"]
[PlyCount "53"]
[EventDate "2019.05.18"]
[EventType "team-tourn"]
[EventCountry "FRA"]
[SourceTitle "playchess.com"]
[Source "ChessBase"]
[SourceQuality "1"]

{[%evp 9,53,14,16,20,25,8,32,27,38,39,36,26,26,-16,-10,-11,0,0,12,-11,-22,-16,10,8,145,152,151,146,154,152,150,161,200,179,179,181,204,200,189,197,276,268,316,308,557,537]} 1. c4 e6 2. Nc3 d5 3. d4 a6 4. cxd5 exd5 5. Bf4 (5. Nf3 h6 6. Bf4 Nf6 7. e3 Bd6 8. Bxd6 Qxd6 9. Qc2 O-O 10. Bd3 Re8 11. h3 Be6 12. O-O Nbd7 13. a4 {½-½ (40) Shankland,S (2725)-Carlsen,M (2835) Wijk aan Zee 2019}) 5... Nf6 6. e3 {D31: Queen's Gambit Declined: Semi-Slav without ...Nf6 (+ Marshall Gambit and Noteboom) and Exchange Variation lines without ...Nf6} Bd6 7. Bg5 Be6 8. Bd3 {White is slightly better.} Nbd7 9. f4 {Black must now prevent f5.} h6 10. Bh4 $1 {[#] Strongly threatening f5.} g5 $1 {[%mdl 512]} 11. Bg3 {And now f5 would win.} (11. fxg5 Nh7) 11... Bg4 12. Nf3 $146 ({Predecessor:} 12. Nge2 Qe7 {0-1 (44) Van der Werf,M (2404)-Ris,R (2431) Netherlands 2019}) 12... Qe7 {Hoping for ...gxf4.} 13. O-O O-O-O 14. Qd2 Bxf3 15. Rxf3 Nb6 16. fxg5 Ne4 (16... hxg5 $11 17. Qf2 Bxg3 18. Qxg3 g4) 17. Bxe4 $1 $16 dxe4 18. Bxd6 Rxd6 19. Rh3 Rg6 20. Rxh6 Rhxh6 21. gxh6 Rxh6 22. Rf1 Nc4 {[#]} 23. Qf2 $1 Nd6 24. Qf4 Rg6 {[#]} (24... Qe6 {might work better.} 25. Qe5 Kb8 26. Qxe6 Rxe6) 25. Nd5 $1 $18 {[%cal Rd5e7]} Qd8 26. Nf6 Qe7 $2 (26... Kb8 {is a better defense.} 27. h4 (27. Nxe4 Qg8 $18) 27... Qh8) 27. h4 {Accuracy: White = 81%, Black = 35%.} 1-0

[Event "FRA-chT Top 12 2019"]
[Site "Brest"]
[Date "2019.05.27"]
[Round "10.3"]
[White "Malakhov, Vladimir"]
[Black "Van Wely, Loek"]
[Result "1-0"]
[WhiteElo "2660"]
[BlackElo "2600"]
[Annotator "TA"]
[PlyCount "107"]
[EventDate "2019.05.18"]
[EventType "team-tourn"]
[EventCountry "FRA"]
[SourceTitle "playchess.com"]
[Source "ChessBase"]
[SourceQuality "1"]

{[%evp 17,107,4,7,8,13,12,31,0,10,0,7,0,29,32,26,0,0,0,0,0,0,0,14,0,0,0,6,0,8,0,26,29,75,73,74,74,53,51,52,52,61,52,69,67,89,68,72,72,70,72,80,49,49,49,49,49,311,311,311,270,291,231,1128,1083,1600,1541,1445,1397,1359,1312,1821,1625,1512,1285,2075,1917,29967,29967,29969,29970,29971,29972,29972,29973,29973,29974,29974,29975,29976,29977,29981,29981]} 1. Nf3 c5 2. c4 Nc6 3. Nc3 g6 4. e3 Nf6 5. d4 cxd4 6. exd4 d5 7. cxd5 Nxd5 8. Qb3 e6 9. Bb5 Bg7 10. O-O {A35: Symmetrical English: 2 Nc3 Nc6 3 Nf3} O-O 11. Bxc6 bxc6 12. Re1 {White is slightly better.} Qc7 13. h3 {[#]} a5 $146 ({Predecessor:} 13... Rb8 14. Qd1 Rd8 15. Ne4 h6 16. Bd2 Kh7 17. Rb1 Rb5 {1-0 (78) Cheparinov,I (2709)-Alekseev,E (2639) St Petersburg 2018}) 14. Bd2 (14. Bg5 {seems wilder.} Ba6 15. Ne4 Rfb8 16. Qc2 a4 17. Nc5) 14... Rb8 (14... Nxc3 {looks sharper.} 15. Qxc3 Bb7 16. Ne5 Qd6 17. Qb3 Rfb8) 15. Nxd5 cxd5 16. Bxa5 (16. Qa3 {is more complex.} Qb7 17. b3 Ra8 18. Rac1 Bd7 19. Ne5) 16... Rxb3 17. Bxc7 Rxb2 18. a4 Ba6 19. Reb1 Rc2 20. Bd6 Ra8 21. Ne5 h5 22. a5 g5 23. Rb6 Bxe5 24. Bxe5 Kh7 25. Ra3 $1 g4 26. hxg4 hxg4 27. f3 g3 28. Bxg3 Kg6 29. Ra1 Kf5 30. Bb8 Rd2 31. Rb4 Bc4 32. Rb7 Kg6 33. Rb6 {Threatens to win with a6.} Ra6 34. Rxa6 Bxa6 $16 {[%mdl 4096] Endgame KRB-KRB} 35. Ba7 Kf5 36. Re1 Re2 $2 {[%mdl 8192]} ({Better is} 36... Be2 $14) 37. Rxe2 $18 Bxe2 {KB-KB} 38. Kf2 Bc4 39. Bb8 f6 $2 (39... Kf6 40. Bd6 Kf5) 40. g4+ $1 Kg6 41. f4 Kf7 42. Bd6 Ke8 43. Ke3 Bf1 44. g5 Kf7 45. Bc7 Kg6 {[#]} 46. Bd8 $1 {[%cal Rd8f6]} fxg5 47. fxg5 {White mates.} Kf5 48. Bf6 Ba6 {[#]} 49. Kd2 $1 {[%cal Rd2c3]} e5 50. Bxe5 Kxg5 51. Kc3 Kf5 52. Kb4 Ke6 53. Kc5 Kd7 54. Kb6 {Accuracy: White = 80%, Black = 39%.} 1-0

[Event "FRA-chT Top 12 2019"]
[Site "Brest"]
[Date "2019.05.27"]
[Round "10.3"]
[White "Cossin, Sebastien"]
[Black "Murali, Krishna K."]
[Result "1-0"]
[WhiteElo "2494"]
[BlackElo "1963"]
[Annotator "TA"]
[PlyCount "121"]
[EventDate "2019.05.18"]
[EventType "team-tourn"]
[EventCountry "FRA"]
[SourceTitle "playchess.com"]
[Source "ChessBase"]
[SourceQuality "1"]

{[%evp 13,121,-4,0,-12,0,6,0,4,33,20,57,66,106,99,102,99,103,67,74,66,80,66,75,78,70,68,107,91,104,101,145,145,145,118,120,138,141,137,159,108,123,121,142,112,135,96,116,90,81,87,92,77,70,70,94,94,101,70,70,82,121,134,137,87,88,80,66,91,192,190,179,164,164,163,141,150,193,106,106,109,110,113,1228,983,1291,1256,1697,1513,1697,1254,10540,10276,9339,7592,3422,4158,29973,29974,29974,29975,29975,29976,29980,29971,29976,29976,29976,29977,29981,29982]} 1. d4 Nf6 2. c4 e6 3. Nc3 Bb4 4. e3 O-O 5. Bd3 d5 6. cxd5 exd5 7. Nge2 Bd6 8. Bd2 $146 {E48: Nimzo-Indian: Rubinstein: 5 Bd3 d5 including 6 Ne2, but excluding 6 a3} (8. Nb5 Be7 9. Bd2 a6 10. Nbc3 c5 11. dxc5 Bxc5 12. Nd4 Bxd4 13. exd4 Qb6 14. O-O Qxd4 15. Bg5 Nc6 16. Bxf6 Qxf6 17. Nxd5 Qxb2 {½-½ (92) Harikrishna,P (2750)-Hammer,J (2621) Moscow 2017}) 8... c6 9. O-O Bc7 10. f3 {The position is equal.} Qd6 11. g3 Bb6 12. Na4 c5 13. dxc5 Bxc5 14. Nxc5 Qxc5 15. Nd4 Nc6 16. Rc1 Qb6 17. Nxc6 bxc6 18. Qc2 Bb7 19. b4 d4 20. e4 {aiming for e5.} Nd7 21. a4 Ne5 22. a5 $1 {[%cal Ra5b6]} Qd8 23. Bf4 Nxd3 24. Qxd3 Qd7 25. Rfd1 Rfd8 26. a6 (26. Bg5 $142 f6 27. Be3 $1 {[%mdl 576] Pin}) 26... Bc8 $16 27. Rc5 Qe7 28. Rdc1 Be6 29. Bd2 (29. Rxc6 $6 Qxb4 30. Bc7 Rd7 $14) 29... Bd7 30. Qxd4 Bc8 31. Qb2 {And now Bc3 would win.} Bxa6 32. Bg5 f6 33. Qa2+ $40 {[%mdl 128] White has some attack.} Qf7 34. Qxa6 fxg5 35. Qc4 ({Of course not} 35. Rxg5 $6 Qxf3 36. Qc4+ Kh8 $11) 35... Qxc4 36. R1xc4 $14 {[%mdl 4096] Endgame KRR-KRR} Rf8 37. Kf2 ({Resist} 37. Rxc6 $6 Rxf3 38. Ra6 g4 $11) 37... h6 38. Ke3 Rf7 39. f4 gxf4+ 40. gxf4 Rb8 (40... Raf8 $16) 41. Rxc6 $18 Rfb7 42. Rc8+ Rxc8 43. Rxc8+ {KR-KR} Kf7 44. Rc4 Rb5 45. e5 (45. Kd4 $18) 45... g5 46. Ke4 {Threatens to win with f5.} gxf4 47. Kxf4 a5 $2 {[%mdl 8192]} (47... Kg6 $16 48. Rc6+ Kf7) 48. bxa5 $1 Rxa5 49. Kf5 $1 Ra3 50. Rc7+ Kf8 {[#]} 51. h4 $1 {[%cal Rh4h5]} Ra6 52. h5 Rb6 53. Rd7 Rb1 54. Kg6 Re1 55. Rf7+ {White mates.} Ke8 56. Rf5 Ke7 57. Kxh6 Ke6 58. Rg5 Kf7 {[#]} 59. Kh7 $1 Re2 60. h6 Rh2 61. Rg6 {Accuracy: White = 78%, Black = 35%.} 1-0

[Event "FRA-chT Top 12 2019"]
[Site "Brest"]
[Date "2019.05.27"]
[Round "10.3"]
[White "Brunner, Nicolas"]
[Black "Hera, Imre Jr."]
[Result "1/2-1/2"]
[WhiteElo "2422"]
[BlackElo "2611"]
[Annotator "TA"]
[PlyCount "42"]
[EventDate "2019.05.18"]
[EventType "team-tourn"]
[EventCountry "FRA"]
[SourceTitle "playchess.com"]
[Source "ChessBase"]
[SourceQuality "1"]

{[%evp 17,42,11,6,0,13,0,0,0,22,0,4,0,0,0,0,0,0,0,0,0,0,-4,0,-3,0,-25,-10]} 1. d4 d5 2. c4 dxc4 3. e3 e5 4. Bxc4 exd4 5. exd4 Bd6 6. Nf3 Nf6 7. O-O O-O 8. Nc3 Nc6 9. h3 h6 10. Qc2 {D20: Queen's Gambit Accepted: 3 e3 and 3 e4} (10. Re1 Bf5 11. a3 Re8 12. Rxe8+ Qxe8 13. Nb5 Qd7 14. Nxd6 Qxd6 15. Qb3 Be6 16. Bxe6 fxe6 17. Bf4 Qd5 18. Qxb7 Nxd4 19. Qxd5 Nxd5 20. Nxd4 Nxf4 {½-½ (59) Zvjaginsev,V (2673)-Popov,I (2596) Moscow 2016}) 10... Na5 11. Bd3 Be6 12. Re1 {The position is equal.} Bc4 13. Bf5 Nc6 {[#]} 14. Bd2 $146 ({Predecessor:} 14. Qa4 Ne7 15. Qxc4 Nxf5 16. Ne5 c6 17. Bf4 Qc7 {½-½ (30) Gundavaa,B (2519)-Godena,M (2516) Istanbul 2012}) 14... Ne7 15. Bd3 Bxd3 16. Qxd3 c6 17. Re2 Qd7 18. Rae1 Rad8 19. Qc4 Ng6 20. Qb3 b6 21. Qc4 Bb8 {Accuracy: White = 68%, Black = 67%.} 1/2-1/2

[Event "FRA-chT Top 12 2019"]
[Site "Brest"]
[Date "2019.05.27"]
[Round "10.3"]
[White "Kosten, Anthony C."]
[Black "Stevic, Hrvoje"]
[Result "0-1"]
[WhiteElo "2419"]
[BlackElo "2580"]
[Annotator "ChessBase"]
[PlyCount "66"]
[EventDate "2019.05.18"]
[EventType "team-tourn"]
[EventCountry "FRA"]
[SourceTitle "playchess.com"]
[Source "ChessBase"]
[SourceQuality "1"]
[TimeControl "40/5400+30:1800+30"]

1. Nf3 {[%emt 0:00:52]} d5 {[%emt 0:00:00]} 2. c4 {[%emt 0:00:09]} dxc4 {[%emt 0:00:00]} 3. e4 {[%emt 0:00:10]} Bg4 {[%emt 0:02:18]} 4. Bxc4 {[%emt 0:00:08]} e6 {[%emt 0:00:33]} 5. O-O {[%emt 0:00:11]} Nf6 {[%emt 0:02:04]} 6. e5 {[%emt 0:07:34]} Nd5 {[%emt 0:05:21]} 7. Qa4+ {[%emt 0:11:00]} Qd7 {[%emt 0:00:41]} 8. Bb5 {[%emt 0:00:14]} c6 {[%emt 0:00:05]} 9. Qxg4 {[%emt 0:01:46]} cxb5 {[%emt 0:00:04]} 10. Nc3 {[%emt 0:00:34]} b4 {[%emt 0:32:43]} 11. Ne4 {[%emt 0:05:14]} Nc6 {[%emt 0:00:16]} 12. d4 {[%emt 0:00:08]} f5 {[%emt 0:01:30]} 13. exf6 {[%emt 0:00:16]} gxf6 {[%emt 0:00:05]} 14. Re1 {[%emt 0:05:05]} O-O-O {[%emt 0:00:46]} 15. Ng3 {[%emt 0:02:15]} f5 {[%emt 0:08:35]} 16. Qh4 {[%emt 0:04:24]} Bd6 {[%emt 0:03:12]} 17. Bg5 {[%emt 0:01:49]} Rdg8 {[%emt 0:02:14]} 18. Nh5 {[%emt 0:19:07]} h6 {[%emt 0:08:03]} 19. Bf6 {[%emt 0:00:42]} Rg4 {[%emt 0:00:35]} 20. Qh3 {[%emt 0:00:57]} Rhg8 {[%emt 0:00:03]} 21. g3 {[%emt 0:02:56]} Qf7 {[%emt 0:00:54]} 22. Be5 {[%emt 0:03:30]} Bxe5 {[%emt 0:01:26]} 23. dxe5 {[%emt 0:04:40]} f4 {[%emt 0:02:57]} 24. Rf1 {[%emt 0:02:23]} Qf5 {[%emt 0:00:37]} 25. Kh1 {[%emt 0:01:46]} Qe4 {[%emt 0:07:49]} 26. Qg2 {[%emt 0:00:32]} Nxe5 {[%emt 0:00:55]} 27. Nxe5 {[%emt 0:05:41]} Qxe5 {[%emt 0:00:04]} 28. f3 {[%emt 0:00:13]} R4g5 {[%emt 0:12:25]} 29. Qc2+ {[%emt 0:01:47]} Kb8 {[%emt 0:00:18]} 30. gxf4 {[%emt 0:00:34]} Nxf4 {[%emt 0:00:41]} 31. Rae1 {[%emt 0:00:27]} Qd4 {[%emt 0:04:07]} 32. Nxf4 {[%emt 0:05:34]} Qxf4 {[%emt 0:00:02]} 33. Qe4 {[%emt 0:01:06]} Qxh2+ {[%emt 0:01:07]} 0-1

[Event "FRA-chT Top 12 2019"]
[Site "Brest"]
[Date "2019.05.27"]
[Round "10.3"]
[White "Lefebvre, Herve"]
[Black "Istratescu, Andrei"]
[Result "0-1"]
[WhiteElo "2291"]
[BlackElo "2555"]
[Annotator "ChessBase"]
[PlyCount "70"]
[EventDate "2019.05.18"]
[EventType "team-tourn"]
[EventCountry "FRA"]
[SourceTitle "playchess.com"]
[Source "ChessBase"]
[SourceQuality "1"]
[TimeControl "40/5400+30:1800+30"]

1. c4 {[%emt 0:00:00]} e5 {[%emt 0:01:59]} 2. g3 {[%emt 0:00:58]} d6 {[%emt 0:01:34]} 3. Bg2 {[%emt 0:02:03]} g6 {[%emt 0:00:55]} 4. Nc3 {[%emt 0:01:12]} Bg7 {[%emt 0:00:57]} 5. Nf3 {[%emt 0:01:08]} f5 {[%emt 0:02:32]} 6. d4 {[%emt 0:01:02]} e4 {[%emt 0:08:26]} 7. Ng5 {[%emt 0:04:22]} h6 {[%emt 0:01:41]} 8. Nh3 {[%emt 0:00:03]} g5 {[%emt 0:00:50]} 9. f3 {[%emt 0:07:27]} exf3 {[%emt 0:07:37]} 10. exf3 {[%emt 0:00:07]} Nf6 {[%emt 0:11:50]} 11. O-O {[%emt 0:09:23]} O-O {[%emt 0:02:13]} 12. f4 {[%emt 0:16:34]} g4 {[%emt 0:00:49]} 13. Nf2 {[%emt 0:00:29]} c6 {[%emt 0:00:25]} 14. Re1 {[%emt 0:02:19]} Re8 {[%emt 0:01:08]} 15. Rxe8+ {[%emt 0:07:30]} Nxe8 {[%emt 0:02:12]} 16. Be3 {[%emt 0:08:30]} Na6 {[%emt 0:00:50]} 17. Qd2 {[%emt 0:06:16]} Nac7 {[%emt 0:01:44]} 18. b4 {[%emt 0:08:13]} d5 {[%emt 0:10:21]} 19. c5 {[%emt 0:13:47]} Nf6 {[%emt 0:02:09]} 20. Nd3 {[%emt 0:02:39]} Ne4 {[%emt 0:08:23]} 21. Qb2 {[%emt 0:03:03]} Be6 {[%emt 0:03:58]} 22. a4 {[%emt 0:00:17]} a6 {[%emt 0:00:38]} 23. Ne5 {[%emt 0:00:57]} h5 {[%emt 0:00:28]} 24. Bf1 {[%emt 0:02:29]} h4 {[%emt 0:00:44]} 25. Nxe4 {[%emt 0:00:59]} dxe4 {[%emt 0:00:27]} 26. Rd1 {[%emt 0:00:35]} Bf6 {[%emt 0:04:58]} 27. b5 {[%emt 0:00:32]} axb5 {[%emt 0:01:05]} 28. axb5 {[%emt 0:00:02]} Ra2 {[%emt 0:00:28]} 29. Qb1 {[%emt 0:00:25]} Qa8 {[%emt 0:00:13]} 30. bxc6 {[%emt 0:00:24]} bxc6 {[%emt 0:00:07]} 31. Bc4 {[%emt 0:00:46]} Bxc4 {[%emt 0:03:25]} 32. Nxc4 {[%emt 0:00:03]} h3 {[%emt 0:01:54]} 33. Qb3 {[%emt 0:00:39]} Kg7 {[%emt 0:03:53]} 34. Rb1 {[%emt 0:00:47]} Nd5 {[%emt 0:02:29]} 35. Nb6 {[%emt 0:00:22]} Qa6 {[%emt 0:00:22]} 0-1

[Event "FRA-chT Top 12 2019"]
[Site "Brest"]
[Date "2019.05.27"]
[Round "10.4"]
[White "Hamdouchi, Hicham"]
[Black "Feller, Sebastien"]
[Result "0-1"]
[WhiteElo "2584"]
[BlackElo "2587"]
[Annotator "ChessBase"]
[PlyCount "80"]
[EventDate "2019.05.18"]
[EventType "team-tourn"]
[EventCountry "FRA"]
[SourceTitle "playchess.com"]
[Source "ChessBase"]
[SourceQuality "1"]
[TimeControl "40/5400+30:1800+30"]

1. e4 {[%emt 0:01:42]} e5 {[%emt 0:00:00]} 2. Nf3 {[%emt 0:00:25]} Nc6 {[%emt 0:00:00]} 3. Bb5 {[%emt 0:00:06]} Nf6 {[%emt 0:00:16]} 4. d3 {[%emt 0:00:40]} Bc5 {[%emt 0:00:39]} 5. Bxc6 {[%emt 0:00:18]} dxc6 {[%emt 0:00:06]} 6. h3 {[%emt 0:00:18]} O-O {[%emt 0:12:53]} 7. Be3 {[%emt 0:04:38]} Bd6 {[%emt 0:07:39]} 8. Nc3 {[%emt 0:01:35]} Nd7 {[%emt 0:09:44]} 9. O-O {[%emt 0:05:46]} Re8 {[%emt 0:04:23]} 10. d4 {[%emt 0:27:29]} exd4 {[%emt 0:03:26]} 11. Bxd4 {[%emt 0:01:23]} Bb4 {[%emt 0:21:08]} 12. a3 {[%emt 0:10:03]} Bf8 {[%emt 0:12:46]} 13. Re1 {[%emt 0:04:52]} Nc5 {[%emt 0:03:56]} 14. Be5 {[%emt 0:01:27]} Qe7 {[%emt 0:02:45]} 15. Bg3 {[%emt 0:01:34]} a5 {[%emt 0:04:38]} 16. Qd2 {[%emt 0:06:36]} Ne6 {[%emt 0:06:48]} 17. Rad1 {[%emt 0:05:18]} b5 {[%emt 0:02:41]} 18. Bh4 {[%emt 0:13:50]} Qd6 {[%emt 0:02:52]} 19. Qc1 {[%emt 0:00:17]} Qf4 {[%emt 0:01:23]} 20. Qxf4 {[%emt 0:01:32]} Nxf4 {[%emt 0:00:05]} 21. Bg3 {[%emt 0:00:15]} Ne6 {[%emt 0:00:09]} 22. Nb1 {[%emt 0:07:07]} Bb7 {[%emt 0:01:51]} 23. c3 {[%emt 0:02:41]} c5 {[%emt 0:00:22]} 24. Nbd2 {[%emt 0:01:11]} c4 {[%emt 0:00:04]} 25. Nd4 {[%emt 0:00:30]} Nxd4 {[%emt 0:01:03]} 26. cxd4 {[%emt 0:00:03]} c6 {[%emt 0:00:39]} 27. Bc7 {[%emt 0:00:45]} Rec8 {[%emt 0:00:28]} 28. Bb6 {[%emt 0:00:45]} c5 {[%emt 0:00:13]} 29. dxc5 {[%emt 0:00:42]} Bxc5 {[%emt 0:00:11]} 30. Bxc5 {[%emt 0:00:04]} Rxc5 {[%emt 0:00:07]} 31. Rc1 {[%emt 0:00:28]} Rc7 {[%emt 0:01:34]} 32. a4 {[%emt 0:00:38]} Rd8 {[%emt 0:00:25]} 33. Rc2 {[%emt 0:00:54]} c3 {[%emt 0:00:19]} 34. bxc3 {[%emt 0:00:31]} b4 {[%emt 0:00:15]} 35. Nb3 {[%emt 0:00:30]} Ba6 {[%emt 0:00:46]} 36. Nxa5 {[%emt 0:00:28]} bxc3 {[%emt 0:00:06]} 37. f3 {[%emt 0:00:38]} Rb8 {[%emt 0:00:23]} 38. Rd1 {[%emt 0:00:24]} g6 {[%emt 0:00:23]} 39. Rd6 {[%emt 0:00:35]} Rb2 {[%emt 0:00:10]} 40. Rc1 c2 0-1

[Event "FRA-chT Top 12 2019"]
[Site "Brest"]
[Date "2019.05.27"]
[Round "10.4"]
[White "Santos Ruiz, Miguel"]
[Black "Bailet, Pierre"]
[Result "1/2-1/2"]
[WhiteElo "2549"]
[BlackElo "2466"]
[Annotator "ChessBase"]
[PlyCount "75"]
[EventDate "2019.05.18"]
[EventType "team-tourn"]
[EventCountry "FRA"]
[SourceTitle "playchess.com"]
[Source "ChessBase"]
[SourceQuality "1"]
[TimeControl "40/5400+30:1800+30"]

1. c4 {[%emt 0:00:00]} e6 {[%emt 0:00:38]} 2. Nf3 {[%emt 0:00:00]} d5 {[%emt 0:00:24]} 3. e3 {[%emt 0:00:00]} Nf6 {[%emt 0:00:17]} 4. b3 {[%emt 0:00:00]} Be7 {[%emt 0:00:31]} 5. Bb2 {[%emt 0:00:03]} O-O {[%emt 0:00:18]} 6. Nc3 {[%emt 0:00:04]} c5 {[%emt 0:03:33]} 7. cxd5 {[%emt 0:00:16]} exd5 {[%emt 0:00:08]} 8. d4 {[%emt 0:00:16]} Nc6 {[%emt 0:00:11]} 9. Be2 {[%emt 0:00:08]} Ne4 {[%emt 0:01:26]} 10. dxc5 {[%emt 0:12:09]} Bf6 {[%emt 0:05:34]} 11. Nd4 {[%emt 0:08:26]} Nxc5 {[%emt 0:06:35]} 12. Nxc6 {[%emt 0:03:26]} bxc6 {[%emt 0:00:10]} 13. O-O {[%emt 0:01:09]} Be6 {[%emt 0:25:25]} 14. Qc2 {[%emt 0:16:38]} Qb6 {[%emt 0:06:50]} 15. Rac1 {[%emt 0:03:38]} Rfd8 {[%emt 0:03:14]} 16. Ba3 {[%emt 0:12:03]} d4 {[%emt 0:18:41]} 17. Nd5 {[%emt 0:01:17]} Rxd5 {[%emt 0:01:06]} 18. Bxc5 {[%emt 0:00:08]} Qa5 {[%emt 0:02:42]} 19. e4 {[%emt 0:07:36]} Rd7 {[%emt 0:08:34]} 20. Bd3 {[%emt 0:00:43]} g5 {[%emt 0:02:51]} 21. f3 {[%emt 0:12:48]} Kh8 {[%emt 0:00:45]} 22. g3 {[%emt 0:00:51]} Rg8 {[%emt 0:00:43]} 23. Kh1 {[%emt 0:01:17]} Qc7 {[%emt 0:02:08]} 24. Qf2 {[%emt 0:00:32]} Qa5 {[%emt 0:02:08]} 25. Rg1 {[%emt 0:09:06]} Rdd8 {[%emt 0:01:22]} 26. Qe2 {[%emt 0:02:19]} Be5 {[%emt 0:01:15]} 27. Qf2 {[%emt 0:01:49]} Bf6 {[%emt 0:00:15]} 28. Rge1 {[%emt 0:00:17]} Be5 {[%emt 0:00:42]} 29. Re2 {[%emt 0:02:20]} Qc7 {[%emt 0:00:54]} 30. Bb4 {[%emt 0:00:20]} Qb6 {[%emt 0:00:47]} 31. Bd2 {[%emt 0:00:17]} c5 {[%emt 0:01:32]} 32. f4 {[%emt 0:01:00]} gxf4 {[%emt 0:00:04]} 33. gxf4 {[%emt 0:00:02]} Bf6 {[%emt 0:00:09]} 34. Ree1 {[%emt 0:01:54]} a5 {[%emt 0:00:50]} 35. f5 {[%emt 0:01:20]} Bc8 {[%emt 0:00:27]} 36. Bc4 {[%emt 0:00:15]} Qc7 {[%emt 0:00:35]} 37. Bf4 {[%emt 0:01:03]} Be5 {[%emt 0:02:00]} 38. Bxe5+ {[%emt 0:00:59]} 1/2-1/2

[Event "FRA-chT Top 12 2019"]
[Site "Brest"]
[Date "2019.05.27"]
[Round "10.4"]
[White "Degraeve, Jean-Marc"]
[Black "Bacrot, Etienne"]
[Result "1/2-1/2"]
[WhiteElo "2546"]
[BlackElo "2678"]
[Annotator "TA"]
[PlyCount "38"]
[EventDate "2019.05.18"]
[EventType "team-tourn"]
[EventCountry "FRA"]
[SourceTitle "playchess.com"]
[Source "ChessBase"]
[SourceQuality "1"]

{[%evp 17,38,4,10,-8,6,-2,17,0,0,0,0,0,0,0,0,0,0,0,0,0,0,0,0]} 1. e4 e5 2. Nf3 Nc6 3. Nc3 Nf6 4. d4 exd4 5. Nxd4 Bb4 6. Nxc6 bxc6 7. Bd3 O-O 8. O-O d5 9. exd5 cxd5 {The position is equal.} 10. h3 {C47: Scotch Four Knights and Four Knights with 4 g3} Rb8 {[%cal Ba8b8,Bb8b6,Bb6f6][%mdl 32]} 11. Qf3 Rb6 12. Bg5 $146 ({Predecessor:} 12. Na4 Re6 13. Bg5 h6 14. Bh4 g5 15. Bg3 Ne4 16. Rad1 Nd2 17. Rxd2 Bxd2 {0-1 (44) Nepomniachtchi,I (2757)-Grischuk,A (2766) chess.com INT 2018}) 12... h6 13. Bxf6 Rxf6 14. Qxd5 {[#] And now Qe4 would win.} Bxc3 $1 15. Qxd8 Rxd8 16. bxc3 Ba6 17. Rad1 Rfd6 {[%cal Ra6d3]} 18. Rfe1 Bxd3 19. cxd3 Rxd3 1/2-1/2

[Event "FRA-chT Top 12 2019"]
[Site "Brest"]
[Date "2019.05.27"]
[Round "10.4"]
[White "Sokolov, Andrei"]
[Black "Payen, Arnaud"]
[Result "1/2-1/2"]
[WhiteElo "2516"]
[BlackElo "2358"]
[Annotator "ChessBase"]
[PlyCount "47"]
[EventDate "2019.05.18"]
[EventType "team-tourn"]
[EventCountry "FRA"]
[SourceTitle "playchess.com"]
[Source "ChessBase"]
[SourceQuality "1"]
[TimeControl "40/5400+30:1800+30"]

1. e4 {[%emt 0:00:00]} c5 {[%emt 0:00:00]} 2. Nf3 {[%emt 0:00:00]} g6 {[%emt 0:00:01]} 3. d4 {[%emt 0:01:25]} cxd4 {[%emt 0:00:23]} 4. Nxd4 {[%emt 0:00:11]} Nc6 {[%emt 0:00:13]} 5. Nc3 {[%emt 0:01:16]} Bg7 {[%emt 0:00:24]} 6. Be3 {[%emt 0:00:07]} Nf6 {[%emt 0:00:20]} 7. Bc4 {[%emt 0:01:10]} Qa5 {[%emt 0:00:27]} 8. O-O {[%emt 0:11:29]} O-O {[%emt 0:01:03]} 9. Bb3 {[%emt 0:06:28]} d6 {[%emt 0:00:22]} 10. h3 {[%emt 0:09:22]} Bd7 {[%emt 0:00:30]} 11. Re1 {[%emt 0:07:28]} Rfc8 {[%emt 0:02:43]} 12. Nf3 {[%emt 0:04:19]} Qh5 {[%emt 0:07:49]} 13. Bf4 {[%emt 0:11:58]} Ne5 {[%emt 0:23:35]} 14. Nxe5 {[%emt 0:19:32]} dxe5 {[%emt 0:00:21]} 15. Qxh5 {[%emt 0:00:40]} Nxh5 {[%emt 0:00:19]} 16. Be3 {[%emt 0:01:05]} e6 {[%emt 0:05:43]} 17. Red1 {[%emt 0:06:12]} Be8 {[%emt 0:00:44]} 18. a4 {[%emt 0:00:20]} Bf8 {[%emt 0:05:52]} 19. f3 {[%emt 0:07:57]} Bc5 {[%emt 0:10:49]} 20. Bxc5 {[%emt 0:00:08]} Rxc5 {[%emt 0:00:08]} 21. h4 {[%emt 0:00:16]} Nf6 {[%emt 0:00:58]} 22. Ne2 {[%emt 0:01:43]} Rc7 {[%emt 0:02:49]} 23. c3 {[%emt 0:04:39]} a5 {[%emt 0:08:31]} 24. Bc2 {[%emt 0:00:17]} 1/2-1/2